Desarrollo de un estudio acerca de las especies exóticas e invasoras más comercializadoras en los viveros registrados ubicados en la Sabana de Bogotá y municipios que comprenden la vía a Ibagué (Tolima), estableciendo origen y procedencias más frecuentes (Registro nro. 5163)
[ vista simple ]
| 000 -CABECERA | |
|---|---|
| Campo de control | 00888nam a2200229 a 4500 |
| 005 - FECHA Y HORA DE LA ULTIMA TRANSACCION | |
| Campo de control | 20200104041556.0 |
| 008 - ELEMENTOS DE LONGITUD FIJA—INFORMACION GENERAL | |
| Campo de control | 140127b2005 ck ||||| |||| 00| 0 spa d |
| 040 ## - FUENTE DE CATALOGACIÓN | |
| Agencia transcriptora | CO-BoIH |
| Agencia catalogadora original | CO-BoIAVH |
| 041 ## - IDIOMA | |
| Código de idioma para texto/pista de sonido o título separado | Español |
| 044 ## - PAÍS DE PUBLICACIÓN | |
| País de publicación | Colombia |
| 090 ## - CLASIFICACIÓN LOCAL | |
| Colección | IAVH |
| Consecutivo | 00517 |
| 100 ## - ASIENTO PRINCIPAL--NOMBRE PERSONAL | |
| Nombre personal | Olaya Álvarez, Andrea M. |
| 245 ## - MENCION DE TITULO | |
| Título | Desarrollo de un estudio acerca de las especies exóticas e invasoras más comercializadoras en los viveros registrados ubicados en la Sabana de Bogotá y municipios que comprenden la vía a Ibagué (Tolima), estableciendo origen y procedencias más frecuentes |
| 260 ## - PUBLICACION, DISTRIBUCION, ETC. (PIE DE IMPRENTA) | |
| Lugar de publicación, distribución, etc. | Bogotá |
| Nombre del editor, distribuidor, etc. | Instituto Alexander von Humboldt |
| Fecha de publicación, distribución, etc. | 2005 |
| 300 ## - DESCRIPCION FISICA | |
| Extensión | 90 p. |
| 650 ## - ASIENTO SECUNDARIO DE MATERIA - TERMINO TEMATICO | |
| Término temático o nombre geográfico como elemento de entrada | Conservación de biodiversidad |
| 650 ## - ASIENTO SECUNDARIO DE MATERIA - TERMINO TEMATICO | |
| Término temático o nombre geográfico como elemento de entrada | Especies exóticas |
| 650 ## - ASIENTO SECUNDARIO DE MATERIA - TERMINO TEMATICO | |
| Término temático o nombre geográfico como elemento de entrada | Viveros |
| 662 ## - ASIENTO SECUNDARIO DE MATERIA - JERARQUIA DEL NOMBRE DE LUGAR( | |
| País o entidad mayor | Colombia |
| Jurisdicción política intermedia | Sabana de Bogotá |
| Jurisdicción política de primer orden | Cundinamarca |
| 942 ## - ELEMENTOS ADICIONALES (KOHA) | |
| Tipo de ítem | Informe Técnico |
| Koha issues (borrowed), all copies | 7 |
| Sistema de clasificación | Local |
| 945 ## - PROCESAMIENTO LOCAL | |
| AAAA-MM-DD - Fecha de ingreso o modificacion | 2006-01-16 |
| Withdrawn status | Lost status | Sistema de Clasificación | Damaged status | No para préstamo | Colección | Inventariado | Ubicación Permanente | Ubicación actual | Fecha de adquisición | Total Checkouts | Número topográfico | Inventario / Código de Barras | Date last seen | Date checked out | Ejemplar | Price effective from | Forma de adquisición | Tipo de material | Public note |
|---|---|---|---|---|---|---|---|---|---|---|---|---|---|---|---|---|---|---|---|
| Local | Humboldt | Inventariado 2017 | Bogotá | Bogotá | 16/01/2006 | 1 | IAVH-00517 | 022863 | 04/12/2013 | 04/12/2013 | Anexo | 04/12/2012 | Mapa | Estudio acerca de las especies exóticas e invasoras más comercializadas en los viveros registrados ubicados en la Sabana de Bogotá.. | |||||
| Local | Audiovisual | Bogotá | Bogotá | 16/01/2006 | IAVH-00517 | 022866 | 04/12/2012 | Ej. 2 | 04/12/2012 | CD-ROM | Especies amenazadas comercializadas en viveros | ||||||||
| Local | Humboldt | Inventariado 2017 | Bogotá | Bogotá | 05/12/2006 | 2 | IAVH-00517 | 023824 | 09/08/2024 | 04/03/2015 | Ej. 2 | 04/12/2012 | Informe Técnico | ||||||
| Local | Humboldt | Inventariado 2017 | Villa de Leyva | Villa de Leyva | 05/12/2006 | 2 | IAVH-00517 | 023826 | 09/08/2024 | 04/03/2015 | Anexo | 04/12/2012 | Mapa | Estudio acerca de las especies exóticas e invasoras más comercializadas en los viveros registrados ubicados en la Sabana de Bogotá.. | |||||
| Local | Humboldt | Villa de Leyva | Villa de Leyva | 05/12/2006 | IAVH-00517 | 023825 | 04/12/2012 | Ej. 3 | 04/12/2012 | CD-ROM | Especies amenazadas comercializadas en viveros |